000 00541nam a22002177a 4500
003 UA-OsUOA
001 85323
007 ta
008 20120622b un ||||| |||| 00| 0 ukr d
100 _aМаковей О.
090 _a821.161.2
_bМ16
942 _cBK
040 _aUA-OsUOA
_bukr
_cUA-OsUOA
_dUA-OsUOA
245 _aЗалісся
_bповість
300 _a352 с.
955 _a3
041 _aukr
080 _a821.161.2
650 7 _a82 Література. Літературознавство
_2UDC
999 _c371652
_d371652